UBT Library

Introduction to computer-based information systems / (Record no. 44338)

000 -LEADER
fixed length control field 00545pam a2200205 i 4500
001 - CONTROL NUMBER
control field 2679342
005 - DATE AND TIME OF LATEST TRANSACTION
control field 20180307091210.0
008 - FIXED-LENGTH DATA ELEMENTS--GENERAL INFORMATION
fixed length control field 741118s1975 nyua 001 0 eng
010 ## - LIBRARY OF CONGRESS CONTROL NUMBER
LC control number 74028437
020 ## - INTERNATIONAL STANDARD BOOK NUMBER
International Standard Book Number 0471177369
040 ## - CATALOGING SOURCE
Original cataloging agency DLC
Transcribing agency DLC
Modifying agency DLC
041 ## - LANGUAGE CODE
Language code of text/sound track or separate title eng
080 ## - UNIVERSAL DECIMAL CLASSIFICATION NUMBER
Universal Decimal Classification number 658.403 COU
082 00 - DEWEY DECIMAL CLASSIFICATION NUMBER
Classification number 658.403 COU
100 1# - Rafti
Rafti 54
101 ## - Shkurtesa
Shkurtesa MIS
245 10 - TITLE STATEMENT
Title Introduction to computer-based information systems /
Statement of responsibility, etc J. Daniel Couger, Fred R. McFadden.
906 ## - LOCAL DATA ELEMENT F, LDF (RLIN)
a 7
b cbc
c orignew
d 1
e ocip
f 19
g y-gencatlg
942 ## - ADDED ENTRY ELEMENTS (KOHA)
Source of classification or shelving scheme
Item type Books
Holdings
Withdrawn status Lost status Source of classification or shelving scheme Damaged status Not for loan Collection code Permanent location Current location Shelving location Date acquired Total Checkouts Full call number Barcode Date last seen Price effective from Koha item type
          Koleksioni i përgjithshem UBT - Lipjan UBT - Lipjan Koleksioni i përgjithshem 03/07/2018   658.403 COU 002-3001250 03/07/2018 03/07/2018 Books
UBT Library © 2015-2024. All rights reserved University Education for Business and Technology